000 00442nam a2200145Ia 4500
008 090124s9999 xx 000 0 und d
082 _b201158
245 _a जादूचे पाणी
250 _a1
260 _bभावे पु. भा. (पुरुषोत्तम भास्कर)
_c1968
300 _a104
630 _a जादूचे पाणी
730 _a जादूचे पाणी
942 _cBOOK
999 _c182739
_d182739